|
|
|
|
| LEADER |
01982nam a2200457 i 4500 |
| 001 |
EBC2088255 |
| 003 |
MiAaPQ |
| 005 |
20200520144314.0 |
| 006 |
m o d | |
| 007 |
cr cnu|||||||| |
| 008 |
171117t20142014be ob 000 0 fre d |
| 020 |
|
|
|z 9782804439149
|
| 020 |
|
|
|a 9782804456474
|q (electronic bk.)
|
| 035 |
|
|
|a (MiAaPQ)EBC2088255
|
| 035 |
|
|
|a (Au-PeEL)EBL2088255
|
| 035 |
|
|
|a (OCoLC)914149488
|
| 040 |
|
|
|a MiAaPQ
|b eng
|e rda
|e pn
|c MiAaPQ
|d MiAaPQ
|
| 043 |
|
|
|a e-lu---
|
| 050 |
|
4 |
|a HB161
|b .K746 2014
|
| 082 |
0 |
|
|a 340
|2 23
|
| 100 |
1 |
|
|a Kremer, Claude,
|e author.
|
| 245 |
1 |
0 |
|a Organismes de placement collectif :
|b et vehicules d'investissement apparentes en droit luxembourgeois /
|c Claude Kremer, Isabelle Lebbe.
|
| 250 |
|
|
|a 3e edition.
|
| 264 |
|
1 |
|a Brussels, [Belgium] :
|b Larcier,
|c 2014.
|
| 264 |
|
4 |
|c 2014
|
| 300 |
|
|
|a 1 online resource (1,988 pages)
|
| 336 |
|
|
|a text
|2 rdacontent
|
| 337 |
|
|
|a computer
|2 rdamedia
|
| 338 |
|
|
|a online resource
|2 rdacarrier
|
| 504 |
|
|
|a Includes bibliographical references.
|
| 588 |
|
|
|a Description based on online resource; title from PDF title page (ebrary, viewed November 15, 2017).
|
| 590 |
|
|
|a Electronic reproduction. Ann Arbor, MI : ProQuest, 2016. Available via World Wide Web. Access may be limited to ProQuest affiliated libraries.
|
| 650 |
|
0 |
|a Investments
|x Law and legislation
|z Luxembourg.
|
| 650 |
|
0 |
|a Investments
|x Law and legislation.
|
| 650 |
|
0 |
|a Mutual funds
|x Law and legislation
|z Luxembourg.
|
| 650 |
|
0 |
|a Mutual funds
|x Law and legislation.
|
| 655 |
|
4 |
|a Electronic books.
|
| 700 |
1 |
|
|a Lebbe, Isabelle,
|e author.
|
| 776 |
0 |
8 |
|i Print version:
|a Kremer, Claude.
|t Organismes de placement collectif : et vehicules d'investissement apparentes en droit luxembourgeois.
|b 3e edition.
|d Brussels, [Belgium] : Larcier, c2014
|h 1988 pages
|z 9782804439149
|
| 797 |
2 |
|
|a ProQuest (Firm)
|
| 856 |
4 |
0 |
|u https://ebookcentral.proquest.com/lib/matrademy/detail.action?docID=2088255
|z Click to View
|